Online
Catalog

El hombre más rico de Babilonia . : (Record no. 34139)

MARC details
000 -CABECERA
campo de control de longitud fija 00717nam a2200205 a 4500
001 - NÚMERO DE CONTROL
campo de control 000034648
005 - FECHA Y HORA DE LA ÚLTIMA TRANSACCIÓN
campo de control 20200930073821.0
008 - DATOS DE LONGITUD FIJA--INFORMACIÓN GENERAL
campo de control de longitud fija 111012s2009 sp 000 0 spa d
020 ## - NÚMERO INTERNACIONAL ESTÁNDAR DEL LIBRO
Número Internacional Estándar del Libro 9788477203711
040 ## - FUENTE DE LA CATALOGACIÓN
Centro catalogador/agencia de origen DO-SdBNP
Lengua de catalogación spa
Centro/agencia transcriptor BNPHU
082 ## - NÚMERO DE LA CLASIFICACIÓN DECIMAL DEWEY
Número de clasificación xxxx
Número de documento/Ítem C614h
100 1# - ENTRADA PRINCIPAL--NOMBRE DE PERSONA
Nombre de persona Clason, George S.
9 (RLIN) 60083
245 13 - MENCIÓN DE TÍTULO
Título El hombre más rico de Babilonia . :
Resto del título los secretos del éxito de los antiguos /
Mención de responsabilidad, etc. George S. Clason; traducción José Luis Sánchez.
250 ## - MENCIÓN DE EDICIÓN
Mención de edición 31a ed.
260 ## - PUBLICACIÓN, DISTRIBUCIÓN, ETC.
Lugar de publicación, distribución, etc. Barcelona :
Nombre del editor, distribuidor, etc. Ediciones Obelisco,
Fecha de publicación, distribución, etc. 2009.
300 ## - DESCRIPCIÓN FÍSICA
Extensión 159 p. ;
Dimensiones 22 cm.
490 1# - MENCIÓN DE SERIE
Mención de serie Éxito
500 ## - NOTA GENERAL
Nota general A la cabeza de la cubierta, cómo alcanzar el éxito y solucionar sus problemas financieros
830 #0 - PUNTO DE ACCESO ADICIONAL DE SERIE-TÍTULO UNIFORME
Título uniforme Éxito
9 (RLIN) 60084
Holdings
Estado de retiro Estado de pérdida Restricciones de uso No para préstamo Código de colección Localización permanente Ubicación/localización actual Ubicación en estantería Fecha de adquisición Número de inventario Total de préstamos Signatura topográfica completa Código de barras Fecha visto por última vez Precio válido a partir de Tipo de ítem Koha Número de copia
      Excluido de préstamo Monografías: Libros y Folletos General General Depósito 12.10.2011 LF1   xxxx C614h 34648-10 25.06.2020 25.06.2020 No se presta  
      Excluido de préstamo Monografías: Libros y Folletos General General Depósito 12.10.2011 LF1   xxxx C614h 34648-20 25.06.2020 25.06.2020 No se presta e. 2
  Extraviado     Monografías: Libros y Folletos General General Extraviado 12.10.2011 LF1   xxxx C614h 34648-30 25.06.2020 25.06.2020 Préstamo en sala e. 3

Powered by Koha